| 000 | 01751nam a2200229Ia 4500 | ||
|---|---|---|---|
| 008 | 260220t2006||||xx |||||||||||||| ||spa|| | ||
| 040 |
_aPY-SlUNAC _bspa _erda |
||
| 041 | _aspa | ||
| 082 |
_a551.6 _bC142c |
||
| 245 | 0 | _aEl cambio climático en la Cuenca del Plata | |
| 264 |
_aBuenos Aires : _bCIUSA, _c℗2006. |
||
| 300 | _a1 volumen | ||
| 520 | _aEl libro "El cambio climático en la Cuenca del Plata", publicado por CIUSA en 2006, aborda las implicaciones del cambio climático en una de las regiones hídricas más importantes de América del Sur. A través de un análisis multidisciplinario, se examinan las variaciones climáticas que afectan la cuenca, incluyendo la precipitación, la temperatura y sus efectos en los ecosistemas y la agricultura. Los autores presentan modelos climáticos que predicen escenarios futuros, destacando la vulnerabilidad de las comunidades que dependen de los recursos hídricos. Además, se discuten las políticas de adaptación y mitigación necesarias para enfrentar estos desafíos ambientales, enfatizando la importancia de la cooperación regional y la integración de estrategias sostenibles. El libro también resalta la necesidad de una mayor investigación y monitoreo para comprender mejor los procesos climáticos y su impacto en la biodiversidad y la economía local. En conjunto, la obra se erige como un recurso esencial para investigadores, responsables de políticas y activistas en la lucha contra el cambio climático. | ||
| 653 | _aCambio climático | ||
| 653 | _aCuenca del Plata | ||
| 653 | _aMedio ambiente | ||
| 942 |
_b2026/02/17 _cBK |
||
| 999 |
_c8073 _d8073 |
||